000 00466nmm a2200169Ia 4500
008 251105s9999||||xx |||||||||||||||||und||
020 _a9788481099744
041 _aspa
100 _aMaraini, Dacia
245 0 _aEl tren de la última noche
264 _a[Madrid, España] :
_bGalaxia Gutenberg,
_c2012
300 _a464 páginas
490 _aNarrativa
650 _aOther narratives
856 _uhttps://public.digitaliapublishing.com/a/28851
942 _cCF
999 _c85830
_d85830